<?xml version="1.0" encoding="UTF-8"?><?xml-stylesheet type="text/xsl" href="static/style.xsl"?><OAI-PMH xmlns="http://www.openarchives.org/OAI/2.0/" xmlns:xsi="http://www.w3.org/2001/XMLSchema-instance" xsi:schemaLocation="http://www.openarchives.org/OAI/2.0/ http://www.openarchives.org/OAI/2.0/OAI-PMH.xsd"><responseDate>2026-04-26T23:39:39Z</responseDate><request verb="GetRecord" identifier="oai:uvadoc.uva.es:10324/60652" metadataPrefix="marc">https://uvadoc.uva.es/oai/request</request><GetRecord><record><header><identifier>oai:uvadoc.uva.es:10324/60652</identifier><datestamp>2023-07-28T19:02:01Z</datestamp><setSpec>com_10324_38</setSpec><setSpec>col_10324_852</setSpec></header><metadata><record xmlns="http://www.loc.gov/MARC21/slim" xmlns:doc="http://www.lyncode.com/xoai" xmlns:xsi="http://www.w3.org/2001/XMLSchema-instance" xmlns:dcterms="http://purl.org/dc/terms/" xsi:schemaLocation="http://www.loc.gov/MARC21/slim http://www.loc.gov/standards/marcxml/schema/MARC21slim.xsd">
<leader>00925njm 22002777a 4500</leader>
<datafield tag="042" ind1=" " ind2=" ">
<subfield code="a">dc</subfield>
</datafield>
<datafield tag="720" ind1=" " ind2=" ">
<subfield code="a">Pérez López, Javier</subfield>
<subfield code="e">author</subfield>
</datafield>
<datafield tag="260" ind1=" " ind2=" ">
<subfield code="c">2023</subfield>
</datafield>
<datafield tag="520" ind1=" " ind2=" ">
<subfield code="a">Hemos publicado en trabajos previos la experiencia del grupo con respecto a los &#xd;
pacientes portadores del Síndrome de Paget-Schroetter señalando las características &#xd;
clínicas de este tipo de enfermos. En el presente estudio, los datos se amplían con los &#xd;
obtenidos con la valoración de una serie más amplia de enfermos incorporando a los &#xd;
previamente estudiados en el ámbito hospitalario, otros que lo han sido en la atención &#xd;
medica hospitalizada no especializada. Se vuelven a valorar los aspectos anteriormente &#xd;
considerados en una serie de pacientes de estudio mucho más amplia y se incluyen &#xd;
otros de especial relevancia como es el estudio del dímero D cuantificado. En el análisis &#xd;
de estos nuevos datos se pueden aportar nuevos perfiles de enfermos que fueron &#xd;
atendidos con criterios diferenciados. En general, estos hallazgos proporcionan una &#xd;
mejor comprensión de los aspectos clínicos del Síndrome de Paget-Schroetter y pueden &#xd;
ser útiles para mejorar su diagnóstico y tratamiento en el futuro.</subfield>
</datafield>
<datafield tag="024" ind2=" " ind1="8">
<subfield code="a">https://uvadoc.uva.es/handle/10324/60652</subfield>
</datafield>
<datafield ind1=" " ind2=" " tag="653">
<subfield code="a">Venas - Enfermedades</subfield>
</datafield>
<datafield tag="245" ind1="0" ind2="0">
<subfield code="a">Síndrome de Paget- Schroetter o trombosis axilar</subfield>
</datafield>
</record></metadata></record></GetRecord></OAI-PMH>